[Event "Wch Rapid (Women)"]
[Site "St Petersburg"]
[Date "2018.12.27"]
[Round "5"]
[White "Kosteniuk, Alexandra"]
[Black "Khademalsharieh, Sarasadat"]
[Result "0-1"]
[WhiteElo "2537"]
[BlackElo "2470"]
[PlyCount "146"]
[EventDate "2018.12.26"]
[EventType "swiss (rapid)"]
[EventRounds "12"]
[EventCountry "RUS"]
[SourceTitle "CBM 187 Extra"]
[Source "ChessBase"]
[SourceDate "2018.11.04"]
[SourceVersion "1"]
[SourceVersionDate "2018.11.04"]
[SourceQuality "1"]

1. e4 e5 2. Nf3 Nc6 3. Bc4 Bc5 4. d3 Nf6 5. Bg5 h6 6. Bh4 Be7 7. Bg3 d6 8. a4
O-O 9. h3 a6 10. O-O Be6 11. Bxe6 fxe6 12. c3 Qd7 13. Nbd2 Rf7 14. d4 exd4 15.
Nxd4 Raf8 16. Qe2 Nh7 17. Nc4 Bg5 18. Qd3 Bf4 19. Ne2 Bxg3 20. Nxg3 Qe7 21. Qe3
Qh4 22. Ne2 Nf6 23. Nd2 Nh5 24. Nd4 Nf4 25. Kh2 Ne5 26. Qg3 Qh5 27. N4f3 Rf6
28. Qh4 Nxf3+ 29. Nxf3 Qg6 30. Qg4 Qxe4 31. Nh4 Qe5 32. g3 Nd3 33. f4 Qe3 34.
Ng2 Qc5 35. Qe2 Qc4 36. Rfd1 Ne5 37. Qe3 Nc6 38. Qd3 Qxd3 39. Rxd3 e5 40. b4
exf4 41. gxf4 Ne7 42. b5 Ng6 43. b6 cxb6 44. Rb1 Nxf4 45. Nxf4 Rxf4 46. Rxb6
R8f7 47. Rd4 Rxd4 48. cxd4 Rd7 49. Kg3 Kf7 50. Kf4 Ke6 51. Ke4 Re7 52. Rb3 d5+
53. Kd3 Kd6 54. Rb6+ Kc7 55. a5 Rf7 56. Rg6 Rf3+ 57. Ke2 Rxh3 58. Rxg7+ Kc6 59.
Rg6+ Kb5 60. Rb6+ Kxa5 61. Rxb7 Ka4 62. Kd2 a5 63. Kc2 Rg3 64. Kb2 h5 65. Rh7
Rg5 66. Rb7 h4 67. Rh7 Rg4 68. Kc3 Rg3+ 69. Kd2 h3 70. Ke2 Kb4 71. Kf2 Rd3 72.
Rb7+ Kc4 73. Ra7 Ra3 0-1

[Event "Wch Rapid (Women)"]
[Site "St Petersburg"]
[Date "2018.12.27"]
[Round "6"]
[White "Gritsayeva, Oksana"]
[Black "Kosteniuk, Alexandra"]
[Result "0-1"]
[WhiteElo "2378"]
[BlackElo "2537"]
[PlyCount "116"]
[EventDate "2018.12.26"]
[EventType "swiss (rapid)"]
[EventRounds "12"]
[EventCountry "RUS"]
[SourceTitle "CBM 187 Extra"]
[Source "ChessBase"]
[SourceDate "2018.11.04"]
[SourceVersion "1"]
[SourceVersionDate "2018.11.04"]
[SourceQuality "1"]

1. b3 e5 2. Bb2 Nc6 3. e3 Nge7 4. c4 d5 5. cxd5 Nxd5 6. a3 Bd6 7. d3 O-O 8. Nf3
a5 9. Be2 f5 10. Nbd2 Nb6 11. Qc2 Qe7 12. Nc4 Nxc4 13. bxc4 e4 14. Nd2 exd3 15.
Bxd3 Ne5 16. Nf3 Nxd3+ 17. Qxd3 f4 18. O-O fxe3 19. Qxe3 Qxe3 20. fxe3 Bf5 21.
Nd4 Bd3 22. Rxf8+ Rxf8 23. Nb5 Bxc4 24. Nxd6 cxd6 25. Bc3 a4 26. h3 Re8 27. Kf2
d5 28. Rd1 Bb3 29. Rd4 Rc8 30. Bb4 Rc2+ 31. Rd2 Rc1 32. Rd4 h6 33. h4 Kf7 34.
Rf4+ Ke6 35. Rg4 Kf6 36. Bf8 Rc7 37. Rf4+ Ke6 38. Bb4 Bc2 39. g4 g5 40. hxg5
hxg5 41. Rf8 Bd1 42. Rg8 Kf6 43. Rf8+ Kg7 44. Rf5 Kg6 45. Rxd5 Bxg4 46. e4 Be6
47. Rc5 Rf7+ 48. Kg3 g4 49. Rc3 Rf1 50. Bc5 Rb1 51. Kf4 Rb3 52. Bd4 Bd7 53. Be5
Kf7 54. Bd4 b5 55. Ke5 Rxc3 56. Bxc3 g3 57. Bb4 g2 58. Bc5 b4 0-1

[Event "Wch Rapid (Women)"]
[Site "St Petersburg"]
[Date "2018.12.27"]
[Round "7"]
[White "Kosteniuk, Alexandra"]
[Black "Mkrtchian, Lilit"]
[Result "1-0"]
[WhiteElo "2537"]
[BlackElo "2392"]
[PlyCount "97"]
[EventDate "2018.12.26"]
[EventType "swiss (rapid)"]
[EventRounds "12"]
[EventCountry "RUS"]
[SourceTitle "CBM 187 Extra"]
[Source "ChessBase"]
[SourceDate "2018.11.04"]
[SourceVersion "1"]
[SourceVersionDate "2018.11.04"]
[SourceQuality "1"]

1. e4 e6 2. d4 d5 3. exd5 exd5 4. Nf3 Nc6 5. h3 Bd6 6. c4 dxc4 7. Bxc4 Nf6 8.
O-O O-O 9. Nc3 h6 10. Bd3 Be6 11. a3 Nd5 12. Bc2 Nxc3 13. bxc3 Bc4 14. Re1 Re8
15. Nd2 Rxe1+ 16. Qxe1 Bd5 17. Ne4 Qe7 18. Qe3 Re8 19. Nxd6 Qxe3 20. Bxe3 cxd6
21. Bf4 Rd8 22. Re1 Kf8 23. f3 Na5 24. a4 Nc4 25. Be4 Bxe4 26. fxe4 d5 27. exd5
Rxd5 28. Rb1 b6 29. Rb4 Na5 30. Kf2 Ke7 31. Ke2 g5 32. Bh2 Nc6 33. Rb5 Ke6 34.
Kd3 Rd7 35. Ke4 Ne7 36. Re5+ Kf6 37. g4 Nc6 38. Rf5+ Ke7 39. d5 Na5 40. d6+ Kf8
41. Kd5 Rd8 42. Rf6 Rc8 43. d7 Rc5+ 44. Ke4 Rc4+ 45. Kd3 Ke7 46. Rd6 Kd8 47.
Be5 Nc6 48. Bf6+ Kc7 49. Rxc6+ 1-0

[Event "Wch Rapid (Women)"]
[Site "St Petersburg"]
[Date "2018.12.27"]
[Round "8"]
[White "Nguyen, Thi Mai Hung"]
[Black "Kosteniuk, Alexandra"]
[Result "1/2-1/2"]
[WhiteElo "2280"]
[BlackElo "2537"]
[PlyCount "108"]
[EventDate "2018.12.26"]
[EventType "swiss (rapid)"]
[EventRounds "12"]
[EventCountry "RUS"]
[SourceTitle "CBM 187 Extra"]
[Source "ChessBase"]
[SourceDate "2018.11.04"]
[SourceVersion "1"]
[SourceVersionDate "2018.11.04"]
[SourceQuality "1"]

1. d4 Nf6 2. c4 e6 3. g3 d5 4. Bg2 dxc4 5. Qa4+ Nbd7 6. Nf3 a6 7. Nc3 Rb8 8.
Qxc4 b5 9. Qd3 Bb7 10. O-O c5 11. Bf4 Rc8 12. dxc5 Bxc5 13. a3 Nb6 14. Qxd8+
Rxd8 15. b4 Bd6 16. Bxd6 Rxd6 17. Rfd1 Rxd1+ 18. Rxd1 Ke7 19. Ne5 Bxg2 20. Kxg2
Rc8 21. Rd3 Rc7 22. f4 Nfd5 23. Nxd5+ Nxd5 24. Kf3 Nb6 25. e4 h5 26. Ke2 Nc8
27. Nf3 Nd6 28. e5 Ne4 29. Ke3 f5 30. exf6+ Nxf6 31. Ne5 Nd5+ 32. Kd2 Kf6 33.
h4 Kf5 34. Nf3 Nb6 35. Nd4+ Kf6 36. Ke2 Rd7 37. Nc6 Rxd3 38. Kxd3 Nc4 39. Nb8
Nxa3 40. Nxa6 Kf5 41. Nc7 g6 42. Ke2 e5 43. fxe5 Kxe5 44. Kf3 Kd6 45. Ne8+ Kc6
46. g4 Nc2 47. gxh5 gxh5 48. Nf6 Nxb4 49. Nxh5 Nd5 50. Nf4 Nf6 51. Ke3 b4 52.
Kd2 Kb5 53. Kc2 Kc4 54. h5 Nxh5 1/2-1/2

[Event "Wch Rapid (Women)"]
[Site "St Petersburg"]
[Date "2018.12.28"]
[Round "9"]
[White "Kosteniuk, Alexandra"]
[Black "Galliamova, Alisa"]
[Result "1/2-1/2"]
[WhiteElo "2537"]
[BlackElo "2444"]
[PlyCount "74"]
[EventDate "2018.12.26"]
[EventType "swiss (rapid)"]
[EventRounds "12"]
[EventCountry "RUS"]
[SourceTitle "CBM 187 Extra"]
[Source "ChessBase"]
[SourceDate "2018.11.04"]
[SourceVersion "1"]
[SourceVersionDate "2018.11.04"]
[SourceQuality "1"]

1. e4 e5 2. Nf3 Nc6 3. Bb5 g6 4. d4 exd4 5. Bg5 Be7 6. Bxe7 Qxe7 7. Bxc6 dxc6
8. Qxd4 Nf6 9. Nc3 Bg4 10. Nd2 c5 11. Qe3 O-O-O 12. h3 Be6 13. O-O-O h5 14.
Rhe1 Kb8 15. f4 Bc8 16. Qf3 h4 17. Nd5 Qe6 18. Nc4 Nh5 19. Kb1 c6 20. Nde3 Rd4
21. Nd2 f5 22. exf5 gxf5 23. Nec4 Qd5 24. Qxd5 Rxd5 25. Rf1 Rhd8 26. Kc1 b6 27.
Ne5 Kc7 28. c4 Rd4 29. Ndf3 Rxf4 30. Rxd8 Kxd8 31. Nxc6+ Kc7 32. Nce5 Re4 33.
Re1 Kd6 34. Rd1+ Kc7 35. Re1 Kd6 36. Rd1+ Kc7 37. Re1 Kd6 1/2-1/2

[Event "Wch Rapid (Women)"]
[Site "St Petersburg"]
[Date "2018.12.28"]
[Round "10"]
[White "Tan, Zhongyi"]
[Black "Kosteniuk, Alexandra"]
[Result "1/2-1/2"]
[WhiteElo "2508"]
[BlackElo "2537"]
[PlyCount "89"]
[EventDate "2018.12.26"]
[EventType "swiss (rapid)"]
[EventRounds "12"]
[EventCountry "RUS"]
[SourceTitle "CBM 187 Extra"]
[Source "ChessBase"]
[SourceDate "2018.11.04"]
[SourceVersion "1"]
[SourceVersionDate "2018.11.04"]
[SourceQuality "1"]

1. d4 Nf6 2. Bg5 d5 3. Nd2 c5 4. e3 Nc6 5. Ngf3 Ne4 6. Bh4 Qb6 7. dxc5 Qxb2 8.
Nxe4 dxe4 9. Nd2 g5 10. Rb1 Qc3 11. Bg3 Bg7 12. Bb5 O-O 13. Rb3 Qxc5 14. Nxe4
Qf5 15. Bd3 Qa5+ 16. Qd2 Qxd2+ 17. Kxd2 h6 18. Nc5 Na5 19. Rb5 b6 20. Rxa5 bxa5
21. Be4 Bg4 22. Bxa8 Rxa8 23. f3 Rc8 24. fxg4 Rxc5 25. Rb1 Bc3+ 26. Kd3 Bb4 27.
c4 Rc8 28. Rb2 f6 29. Rc2 Kf7 30. Bf2 Ke6 31. e4 Rd8+ 32. Ke2 Ke5 33. c5 Kxe4
34. c6 Rc8 35. Bxa7 Bd6 36. h3 Kd5 37. Bb6 Bc7 38. Be3 Bd6 39. Bb6 Bc7 40. Be3
Ra8 41. Bc1 Bd6 42. Bd2 Bc7 43. Bc1 Bd6 44. Bd2 Bc7 45. Bc1 1/2-1/2

[Event "Wch Rapid (Women)"]
[Site "St Petersburg"]
[Date "2018.12.28"]
[Round "11"]
[White "Kosteniuk, Alexandra"]
[Black "Voit, Daria"]
[Result "1-0"]
[WhiteElo "2537"]
[BlackElo "2358"]
[PlyCount "134"]
[EventDate "2018.12.26"]
[EventType "swiss (rapid)"]
[EventRounds "12"]
[EventCountry "RUS"]
[SourceTitle "CBM 187 Extra"]
[Source "ChessBase"]
[SourceDate "2018.11.04"]
[SourceVersion "1"]
[SourceVersionDate "2018.11.04"]
[SourceQuality "1"]

1. e4 c5 2. c3 d5 3. exd5 Qxd5 4. d4 Nf6 5. Nf3 e6 6. Bd3 Nc6 7. O-O Be7 8. c4
Qd8 9. dxc5 Bxc5 10. a3 a5 11. Nc3 O-O 12. Bg5 Be7 13. Nb5 h6 14. Bf4 Bc5 15.
Re1 Nh5 16. Bc7 Qf6 17. Qc2 Qe7 18. Rad1 Nf6 19. h3 b6 20. Bg3 Bb7 21. Nd6 Rfd8
22. Nxb7 Qxb7 23. Bh4 Qc7 24. Qc1 Be7 25. Qc3 Rd7 26. Bg3 Qb7 27. Ne5 Nxe5 28.
Bxe5 Rad8 29. Bc2 Rxd1 30. Rxd1 Rxd1+ 31. Bxd1 Qe4 32. Bf3 Qb1+ 33. Kh2 Bc5 34.
Qd2 Ne4 35. Qd8+ Kh7 36. Bd4 Nd2 37. Be2 Nf1+ 38. Bxf1 Qxf1 39. Bxc5 bxc5 40.
Qxa5 Qxf2 41. Qc3 Qf4+ 42. Kg1 e5 43. Qc2+ e4 44. a4 Qe3+ 45. Kf1 Qf4+ 46. Ke1
Qe3+ 47. Kf1 Qf4+ 48. Ke2 f5 49. a5 Qg3 50. Kf1 Qf4+ 51. Ke1 Qe3+ 52. Kf1 Qf4+
53. Kg1 Qe3+ 54. Qf2 Qc1+ 55. Qf1 Qe3+ 56. Kh1 Kg6 57. a6 Qd3 58. Qa1 e3 59. a7
e2 60. a8=Q Qd1+ 61. Kh2 e1=Q 62. Qc6+ Kh7 63. Qxd1 Qxd1 64. Qxc5 Qf1 65. Qd4
Qe2 66. c5 g5 67. c6 f4 1-0

[Event "Wch Rapid (Women)"]
[Site "St Petersburg"]
[Date "2018.12.28"]
[Round "12"]
[White "Bodnaruk, Anastasia"]
[Black "Kosteniuk, Alexandra"]
[Result "1-0"]
[WhiteElo "2420"]
[BlackElo "2537"]
[PlyCount "83"]
[EventDate "2018.12.26"]
[EventType "swiss (rapid)"]
[EventRounds "12"]
[EventCountry "RUS"]
[SourceTitle "CBM 187 Extra"]
[Source "ChessBase"]
[SourceDate "2018.11.04"]
[SourceVersion "1"]
[SourceVersionDate "2018.11.04"]
[SourceQuality "1"]

1. e4 e5 2. Nf3 Nc6 3. d4 exd4 4. Nxd4 Nf6 5. Nxc6 bxc6 6. Bd3 Bd6 7. O-O O-O
8. Bg5 h6 9. Bh4 Be7 10. Nd2 d6 11. f4 Ng4 12. Bxe7 Qxe7 13. Qf3 Rb8 14. b3 Qh4
15. h3 Nf6 16. Rae1 Nd7 17. c3 Nc5 18. Bc2 f5 19. exf5 Bxf5 20. Bxf5 Rxf5 21.
b4 Rd5 22. Nc4 Nd7 23. Na5 Rxa5 24. bxa5 d5 25. Re6 Nc5 26. Rxc6 Ne4 27. Rxc7
Qd8 28. Rxa7 Qd6 29. Qe3 Rb2 30. Qd4 Qg6 31. Rxg7+ Qxg7 32. Qxd5+ Qf7 33. Qxe4
Rxa2 34. f5 Rxa5 35. f6 Rg5 36. c4 Rc5 37. Rf4 Ra5 38. Rg4+ Kf8 39. Rf4 Ra1+
40. Kh2 Qc7 41. h4 Rf1 42. Qe7+ 1-0

[Event "Wch Blitz (Women)"]
[Site "St Petersburg"]
[Date "2018.12.29"]
[Round "1"]
[White "Kosteniuk, Alexandra"]
[Black "Nechaeva, Marina"]
[Result "1-0"]
[WhiteElo "2537"]
[BlackElo "2408"]
[PlyCount "59"]
[EventDate "2018.12.29"]
[EventType "swiss (blitz)"]
[EventRounds "17"]
[EventCountry "RUS"]
[SourceTitle "CBM 187 Extra"]
[Source "ChessBase"]
[SourceDate "2018.11.04"]
[SourceVersion "1"]
[SourceVersionDate "2018.11.04"]
[SourceQuality "1"]

1. Nf3 d5 2. g3 Bg4 3. Bg2 Nd7 4. O-O c6 5. d4 e6 6. h3 Bxf3 7. Bxf3 Ngf6 8.
Nd2 Be7 9. e4 dxe4 10. Nxe4 Nxe4 11. Bxe4 Nf6 12. Bg2 O-O 13. c3 Qc7 14. Re1
Rfd8 15. Qb3 a5 16. a4 Nd5 17. Qc2 Bf6 18. h4 h5 19. Qe2 g6 20. Bd2 Bg7 21. Bg5
Rd7 22. Rad1 Re8 23. Qc2 b6 24. Re2 Rf8 25. Rde1 c5 26. dxc5 Qxc5 27. Rd2 Rc8
28. Red1 Nb4 29. Qb3 Rxd2 30. Rxd2 1-0

[Event "Wch Blitz (Women)"]
[Site "St Petersburg"]
[Date "2018.12.29"]
[Round "2"]
[White "Khlichkova, Tatiana"]
[Black "Kosteniuk, Alexandra"]
[Result "0-1"]
[WhiteElo "2270"]
[BlackElo "2537"]
[PlyCount "132"]
[EventDate "2018.12.29"]
[EventType "swiss (blitz)"]
[EventRounds "17"]
[EventCountry "RUS"]
[SourceTitle "CBM 187 Extra"]
[Source "ChessBase"]
[SourceDate "2018.11.04"]
[SourceVersion "1"]
[SourceVersionDate "2018.11.04"]
[SourceQuality "1"]

1. d4 Nf6 2. Bg5 d5 3. Nd2 c5 4. e3 Nc6 5. c3 e5 6. dxe5 Nxe5 7. Ngf3 Nc6 8.
Bd3 Be7 9. O-O O-O 10. h3 Re8 11. a3 Be6 12. Qc2 h6 13. Bh4 Nd7 14. Bxe7 Qxe7
15. c4 Nde5 16. cxd5 Nxf3+ 17. Nxf3 Bxd5 18. Be2 Be4 19. Qc3 b6 20. Rad1 Red8
21. Rxd8+ Rxd8 22. Rd1 Rxd1+ 23. Bxd1 Qd6 24. Be2 Kf8 25. Qc4 Qd5 26. Qa6 Qd7
27. Qc4 Bf5 28. Qf4 g5 29. Qc4 Kg7 30. Qc3+ f6 31. Bb5 Qd1+ 32. Kh2 Qd6+ 33.
Kg1 Be4 34. Be2 Ne7 35. Qc4 Qd5 36. Qa6 Qb7 37. Qb5 Ng6 38. Qe8 Bc6 39. Qe6 Qd7
40. Qxd7+ Bxd7 41. Kf1 Bc6 42. Ke1 Kf7 43. Kd2 Ke6 44. Bc4+ Kd6 45. Ke2 b5 46.
Bf7 Ne7 47. g3 Bd7 48. h4 Bg4 49. e4 Nc6 50. Ke3 Bxf3 51. hxg5 hxg5 52. Be8 Bg4
53. f3 Bd7 54. Bf7 Ne5 55. Ba2 Be6 56. Bb1 Nc4+ 57. Kf2 Nxb2 58. f4 gxf4 59.
gxf4 Nc4 60. f5 Bd7 61. a4 bxa4 62. Ke2 Bb5 63. Kf2 Ke5 64. Bd3 a3 65. Bb1 Nd2
66. Ba2 Bc4 0-1

[Event "Wch Blitz (Women)"]
[Site "St Petersburg"]
[Date "2018.12.29"]
[Round "3"]
[White "Kosteniuk, Alexandra"]
[Black "Vo, Thi Kim Phung"]
[Result "1-0"]
[WhiteElo "2537"]
[BlackElo "2352"]
[PlyCount "139"]
[EventDate "2018.12.29"]
[EventType "swiss (blitz)"]
[EventRounds "17"]
[EventCountry "RUS"]
[SourceTitle "CBM 187 Extra"]
[Source "ChessBase"]
[SourceDate "2018.11.04"]
[SourceVersion "1"]
[SourceVersionDate "2018.11.04"]
[SourceQuality "1"]

1. e4 e6 2. d4 d5 3. exd5 exd5 4. Nf3 Nf6 5. Bd3 Be7 6. O-O Bg4 7. h3 Bh5 8.
Nc3 c6 9. Bf4 O-O 10. Re1 Nbd7 11. Bf5 Bg6 12. Qd3 Re8 13. Ne5 Bxf5 14. Qxf5 g6
15. Qd3 Nxe5 16. dxe5 Nh5 17. Bh2 Bc5 18. Re2 Qg5 19. Qf3 Bd4 20. Rae1 Bxc3 21.
Qxc3 Re6 22. Qd4 a6 23. f4 Qh4 24. Qf2 Qxf2+ 25. Kxf2 Ng7 26. g4 Rae8 27. Kf3
h5 28. Bg3 c5 29. c3 Rd8 30. Rd1 Rb6 31. Bf2 Rb5 32. c4 Ra5 33. Rxd5 Re8 34. a3
b6 35. Rd6 b5 36. Bxc5 bxc4 37. Bb4 Rb5 38. Bc3 Ne6 39. f5 hxg4+ 40. hxg4 gxf5
41. gxf5 Nc5 42. e6 fxe6 43. fxe6 Rf8+ 44. Ke3 Re8 45. Kd2 Nb3+ 46. Kc2 Rg5 47.
e7 Na1+ 48. Kb1 Rg1+ 49. Be1 Nb3 50. Kc2 Rg7 51. Bh4 Rg4 52. Bf6 Kf7 53. Rf2
Na1+ 54. Kc3 Rb8 55. Rd4 Rb3+ 56. Kxc4 Rbg3 57. Be5+ Kxe7 58. Bxg3 Rxg3 59.
Re2+ Kf6 60. Rd3 Rg4+ 61. Kc3 Rg1 62. Rf3+ Kg5 63. Rf8 Rg3+ 64. Kb4 Rg4+ 65.
Ka5 Nb3+ 66. Kxa6 Nc5+ 67. Kb5 Nd3 68. Rg8+ Kf4 69. Rxg4+ Kxg4 70. a4 1-0

[Event "Wch Blitz (Women)"]
[Site "St Petersburg"]
[Date "2018.12.29"]
[Round "4"]
[White "Drozdova, Dina"]
[Black "Kosteniuk, Alexandra"]
[Result "1/2-1/2"]
[WhiteElo "2178"]
[BlackElo "2537"]
[PlyCount "191"]
[EventDate "2018.12.29"]
[EventType "swiss (blitz)"]
[EventRounds "17"]
[EventCountry "RUS"]
[SourceTitle "CBM 187 Extra"]
[Source "ChessBase"]
[SourceDate "2018.11.04"]
[SourceVersion "1"]
[SourceVersionDate "2018.11.04"]
[SourceQuality "1"]

1. d4 Nf6 2. c4 e6 3. Nf3 d5 4. Bg5 h6 5. Bxf6 Qxf6 6. e3 Bb4+ 7. Nbd2 O-O 8.
Rc1 c6 9. Be2 dxc4 10. Rxc4 Ba5 11. O-O Nd7 12. Rc1 Qe7 13. a3 Bc7 14. b4 e5
15. dxe5 Nxe5 16. Nxe5 Qxe5 17. Nf3 Qe7 18. Qc2 a6 19. h3 Be6 20. Bc4 Bd7 21.
Rfd1 Rad8 22. Rd2 Qf6 23. Be2 Bf5 24. Qd1 Rxd2 25. Qxd2 Rd8 26. Qc3 Qd6 27. Rd1
Qe7 28. Rxd8+ Qxd8 29. Qd4 Qxd4 30. Nxd4 Be4 31. Kf1 Bd5 32. Bf3 Bc4+ 33. Ke1
a5 34. Kd2 axb4 35. axb4 Kf8 36. Kc3 Bf1 37. h4 g6 38. g3 Ke7 39. Be2 Bh3 40.
Kc4 Kd6 41. Kc3 Bd8 42. Bc4 Ke7 43. Nb3 Bg2 44. Nc5 b6 45. Nb3 Bc7 46. Nd4 Be5
47. Kd2 f5 48. Nb3 Bd6 49. b5 cxb5 50. Bxb5 Bd5 51. Nd4 Bc5 52. Nc6+ Kd6 53.
Nd4 Bxd4 54. exd4 g5 55. hxg5 hxg5 56. Bd3 Be6 57. Kc3 Bd7 58. Bc4 Bc6 59. Bf7
Bd5 60. Bg6 Be6 61. Be8 Kd5 62. Kd3 f4 63. gxf4 gxf4 64. Bg6 b5 65. Be4+ Kd6
66. Kc3 Bd5 67. Bd3 Bc6 68. Bf5 Kd5 69. Bg6 Bd7 70. Bh7 Bh3 71. Bg6 Bg2 72. Bh7
Bf1 73. Bg6 Be2 74. Bh7 Bf3 75. Bg6 Be4 76. Bf7+ Kd6 77. Bg8 Kc6 78. Kb4 Bd5
79. Bh7 Bc4 80. Be4+ Kd6 81. Bf3 Bd3 82. Bb7 Kc7 83. Bf3 Kb6 84. Bd5 Bf5 85.
Bf3 Bd7 86. Bd5 Bc6 87. Bf7 Bf3 88. Be8 Be2 89. d5 Bc4 90. d6 Be2 91. d7 Kc7
92. d8=Q+ Kxd8 93. Bxb5 Bd1 94. Kc3 Ke7 95. Kd2 Bh5 96. Ke1 1/2-1/2

[Event "Wch Blitz (Women)"]
[Site "St Petersburg"]
[Date "2018.12.29"]
[Round "5"]
[White "Kosteniuk, Alexandra"]
[Black "Tan, Zhongyi"]
[Result "1/2-1/2"]
[WhiteElo "2537"]
[BlackElo "2508"]
[PlyCount "100"]
[EventDate "2018.12.29"]
[EventType "swiss (blitz)"]
[EventRounds "17"]
[EventCountry "RUS"]
[SourceTitle "CBM 187 Extra"]
[Source "ChessBase"]
[SourceDate "2018.11.04"]
[SourceVersion "1"]
[SourceVersionDate "2018.11.04"]
[SourceQuality "1"]

1. e4 d6 2. d4 Nf6 3. Nc3 g6 4. Be3 a6 5. Qd2 Bg7 6. Nf3 O-O 7. Bh6 b5 8. Bxg7
Kxg7 9. Bd3 Bb7 10. a3 Nc6 11. d5 Ne5 12. Nxe5 dxe5 13. O-O Qd6 14. Rad1 e6 15.
dxe6 Qxe6 16. Qe3 Rfd8 17. Be2 Rac8 18. f3 Nh5 19. g3 Nf6 20. Qc5 Nd7 21. Qa7
Qb6+ 22. Qxb6 Nxb6 23. Kf2 Rd4 24. Na2 Na4 25. b3 Nc5 26. Nc1 Rcd8 27. c3 R4d6
28. Ke3 f5 29. exf5 gxf5 30. c4 Rxd1 31. Rxd1 Rxd1 32. Bxd1 bxc4 33. bxc4 Kf6
34. Ne2 Ne6 35. f4 e4 36. Nc3 Nc5 37. g4 h6 38. h4 fxg4 39. Bxg4 Bc6 40. Bh3 a5
41. Ne2 Be8 42. Ng3 Bf7 43. Bf1 Bg6 44. Kd4 Ne6+ 45. Ke3 Nc5 46. Bg2 Bf7 47.
Bxe4 Bxc4 48. Bc6 Bf7 49. Kd4 Ne6+ 50. Ke3 Nc5 1/2-1/2

[Event "Wch Blitz (Women)"]
[Site "St Petersburg"]
[Date "2018.12.29"]
[Round "6"]
[White "Bodnaruk, Anastasia"]
[Black "Kosteniuk, Alexandra"]
[Result "0-1"]
[WhiteElo "2420"]
[BlackElo "2537"]
[PlyCount "100"]
[EventDate "2018.12.29"]
[EventType "swiss (blitz)"]
[EventRounds "17"]
[EventCountry "RUS"]
[SourceTitle "CBM 187 Extra"]
[Source "ChessBase"]
[SourceDate "2018.11.04"]
[SourceVersion "1"]
[SourceVersionDate "2018.11.04"]
[SourceQuality "1"]

1. e4 e5 2. Nf3 Nc6 3. d4 exd4 4. Nxd4 Nf6 5. Nxc6 bxc6 6. Bd3 d5 7. e5 Ng4 8.
O-O Bc5 9. Bf4 g5 10. Bd2 Qe7 11. Qe2 Qxe5 12. h3 Qxe2 13. Bxe2 Nf6 14. Bxg5
Ne4 15. Bh4 Rb8 16. b3 Bd4 17. c3 Bg7 18. Bd3 O-O 19. Bxe4 dxe4 20. Bg5 Ba6 21.
Re1 Bd3 22. Bd2 f5 23. Na3 Kf7 24. Rac1 Rg8 25. c4 Bb2 26. Nc2 Bxc1 27. Rxc1
Bxc2 28. Rxc2 Rbd8 29. Be3 a6 30. Bf4 Rd7 31. g3 Ke6 32. Kg2 h5 33. f3 Rd3 34.
fxe4 fxe4 35. Bxc7 Rf3 36. Re2 Kf5 37. h4 Rg7 38. Bb6 Rgxg3+ 39. Kh2 Rh3+ 40.
Kg2 Rfg3+ 41. Kf2 Rh2+ 42. Kxg3 Rxe2 43. a3 Rb2 44. b4 Rb3+ 45. Kf2 Rxa3 46.
Be3 Rc3 47. c5 Rb3 48. Bd2 Ke5 49. Ke2 Kd4 50. Kf2 e3+ 0-1

[Event "Wch Blitz (Women)"]
[Site "St Petersburg"]
[Date "2018.12.29"]
[Round "7"]
[White "Kosteniuk, Alexandra"]
[Black "Lagno, Kateryna"]
[Result "0-1"]
[WhiteElo "2537"]
[BlackElo "2560"]
[PlyCount "124"]
[EventDate "2018.12.29"]
[EventType "swiss (blitz)"]
[EventRounds "17"]
[EventCountry "RUS"]
[SourceTitle "CBM 187 Extra"]
[Source "ChessBase"]
[SourceDate "2018.11.04"]
[SourceVersion "1"]
[SourceVersionDate "2018.11.04"]
[SourceQuality "1"]

1. e4 e5 2. Nf3 Nc6 3. Bc4 Bc5 4. d3 Nf6 5. Bg5 h6 6. Bh4 Be7 7. Bg3 d6 8. a4
Bg4 9. h3 Bh5 10. Nbd2 Qd7 11. c3 g5 12. b4 a6 13. Qb3 Bg6 14. O-O Nh5 15. d4
Nf4 16. Bxf4 gxf4 17. Rfd1 Bf6 18. dxe5 dxe5 19. Bd5 Qe7 20. b5 Na5 21. Qb4 c6
22. Ba2 axb5 23. axb5 cxb5 24. Qxb5+ Nc6 25. Bd5 O-O 26. Nc4 Bh5 27. Rxa8 Rxa8
28. Rd3 Rd8 29. Qb6 Kg7 30. Nfd2 Be2 31. Rf3 Bxf3 32. Nxf3 Rd7 33. Nh2 Qd8 34.
Qb5 Ne7 35. Nb6 Rd6 36. Nc4 Rxd5 37. exd5 Qxd5 38. Qxd5 Nxd5 39. Nd6 b6 40. c4
Ne7 41. Ng4 Kg6 42. f3 h5 43. Nf2 Nc6 44. Nfe4 Be7 45. Nc8 Bd8 46. Kf2 f5 47.
Nc3 Na5 48. Nd6 Be7 49. Ncb5 Bxd6 50. Nxd6 Kf6 51. Ke2 Ke6 52. Ne8 Nxc4 53.
Ng7+ Kf6 54. Nxh5+ Kg6 55. g4 b5 56. Kd3 Nd6 57. Kc3 Nf7 58. h4 Nh6 59. Nxf4+
exf4 60. g5 Nf7 61. Kd4 Nxg5 62. hxg5 Kxg5 0-1

[Event "Wch Blitz (Women)"]
[Site "St Petersburg"]
[Date "2018.12.29"]
[Round "8"]
[White "Guichard, Pauline"]
[Black "Kosteniuk, Alexandra"]
[Result "1-0"]
[WhiteElo "2378"]
[BlackElo "2537"]
[PlyCount "59"]
[EventDate "2018.12.29"]
[EventType "swiss (blitz)"]
[EventRounds "17"]
[EventCountry "RUS"]
[SourceTitle "CBM 187 Extra"]
[Source "ChessBase"]
[SourceDate "2018.11.04"]
[SourceVersion "1"]
[SourceVersionDate "2018.11.04"]
[SourceQuality "1"]

1. d4 Nf6 2. Nf3 e6 3. Bf4 c5 4. e3 Nc6 5. Nbd2 d5 6. c3 Bd6 7. Bg3 O-O 8. Bd3
b6 9. Qe2 Bb7 10. Rd1 a5 11. a3 h6 12. e4 Be7 13. e5 Nh5 14. h4 Nxg3 15. fxg3
Qc8 16. g4 Ba6 17. g5 Bxd3 18. Qxd3 h5 19. g4 hxg4 20. Nh2 Qa6 21. Qe3 cxd4 22.
cxd4 Bd8 23. Nxg4 Ne7 24. Nf6+ Kh8 25. Qf3 g6 26. h5 Ng8 27. hxg6+ Kg7 28. Qh3
Kxg6 29. Qh7+ Kxg5 30. Qh4+ 1-0

[Event "Wch Blitz (Women)"]
[Site "St Petersburg"]
[Date "2018.12.29"]
[Round "9"]
[White "Kosteniuk, Alexandra"]
[Black "Mammadova, Gulnar Marfat Qizi"]
[Result "1-0"]
[WhiteElo "2537"]
[BlackElo "2368"]
[PlyCount "121"]
[EventDate "2018.12.29"]
[EventType "swiss (blitz)"]
[EventRounds "17"]
[EventCountry "RUS"]
[SourceTitle "CBM 187 Extra"]
[Source "ChessBase"]
[SourceDate "2018.11.04"]
[SourceVersion "1"]
[SourceVersionDate "2018.11.04"]
[SourceQuality "1"]

1. e4 g6 2. d4 Bg7 3. Nc3 c6 4. Bc4 d6 5. Nf3 e6 6. h4 h5 7. Bg5 Ne7 8. Qd2 b5
9. Bb3 a5 10. a4 b4 11. Ne2 Nd7 12. O-O Ba6 13. Rfe1 c5 14. c4 e5 15. dxc5 Nxc5
16. Qc2 O-O 17. Ng3 Qc7 18. Ba2 Rab8 19. b3 Nc6 20. Rad1 Ne6 21. Be3 Nc5 22.
Qd2 Rbd8 23. Bh6 Ne6 24. Bxg7 Kxg7 25. Ne2 Nc5 26. Qe3 Qe7 27. Bb1 Bc8 28. Bc2
Bg4 29. g3 Bxf3 30. Qxf3 Ne6 31. Rd5 Ned4 32. Nxd4 Nxd4 33. Qd3 f5 34. exf5 Qf6
35. Rxa5 gxf5 36. Bd1 Kh6 37. Rd5 Rg8 38. Rxd4 exd4 39. Qf3 Rg4 40. Qd5 Re4 41.
Rxe4 fxe4 42. Qxe4 Qe5 43. Qf3 Re8 44. a5 Kg7 45. a6 Qe1+ 46. Kh2 Rf8 47. a7
Rxf3 48. Bxf3 Qxf2+ 49. Bg2 d3 50. a8=Q d2 51. Qb7+ Kf6 52. Qd5 Qe2 53. Qf3+
Qxf3 54. Bxf3 Ke5 55. Bxh5 Kd4 56. Bd1 Kc3 57. h5 Kb2 58. h6 Kc1 59. Be2 Kc2
60. h7 Kxb3 61. h8=Q 1-0